| Tag |
First Indicator |
Second Indicator |
Subfields |
| LEADER |
00000cam a2200000 4500 |
| 001 |
in00000099983 |
| 005 |
20150926125643.0 |
| 008 |
800403s1963 laua s00010 eng d |
| 035 |
|
|
|a (OCoLC)06163848
|
| 035 |
|
|
|9 AAL4146AM
|
| 040 |
|
|
|a TXA
|c TXA
|d UtOrBLW
|
| 049 |
|
|
|a TXAM
|c [435004]
|
| 090 |
|
|
|a TA7
|b .L6 no. 70
|
| 100 |
1 |
|
|a Raborn, Robert Lee.
|
| 245 |
1 |
2 |
|a A digital computer program for short circuit calculations on radial distribution systems /
|c by Robert Lee Raborn and Ambrose K. Ramsey, Jr.
|
| 264 |
|
1 |
|a Baton Rouge :
|b Louisiana State University,
|c 1963.
|
| 300 |
|
|
|a viii, 56 pages :
|b illustrations, tables.
|
| 336 |
|
|
|a text
|b txt
|2 rdacontent
|
| 337 |
|
|
|a unmediated
|b n
|2 rdamedia
|
| 338 |
|
|
|a volume
|b nc
|2 rdacarrier
|
| 490 |
1 |
|
|a Engineering Experiment Station. Bulletin no. 70
|
| 650 |
|
0 |
|a Electrical engineering.
|
| 700 |
1 |
|
|a Ramsey, Ambrose K.
|
| 830 |
|
0 |
|a Engineering research bulletin ;
|v no. 70.
|
| 999 |
|
|
|a MARS
|
| 999 |
f |
f |
|s 8944a573-76da-318b-94c6-f7e7746fc3d4
|i 295a98f4-3a4d-37a9-9e62-8eda789456e9
|t 0
|
| 952 |
f |
f |
|p ric
|a Texas A&M University
|b Rellis Campus
|c Joint Library Facility
|d Remote Storage
|t 0
|e TA7 .L6 no.70
|h Library of Congress classification
|i unmediated -- volume
|m A14805285903
|
| 998 |
f |
f |
|a TA7 .L6 no.70
|t 0
|l Remote Storage
|